| 000 | 00000nam 2200000zi 4500 |
| 001 | 9.892096 |
| 003 | CaOODSP |
| 005 | 20230601081023 |
| 006 | m o d f |
| 007 | cr bn||||||||| |
| 008 | 201005e20000501onc ob f000 0 eng d |
| 040 | |aCaOODSP|beng|erda|cCaOODSP |
| 043 | |an-cn--- |
| 086 | 1 |aIu4-360/2000E-PDF |
| 245 | 00|aBiopharmaceutical industry technology roadmap initiative : |bpreliminary work / |cStrategic Health Innovations. |
| 264 | 1|a[Ottawa] : |bIndustry Canada, |cMay 1, 2000. |
| 300 | |a1 online resource (3 volumes) |
| 336 | |atext|btxt|2rdacontent |
| 337 | |acomputer|bc|2rdamedia |
| 338 | |aonline resource|bcr|2rdacarrier |
| 500 | |aDigitized edition from print [produced by Innovation, Science and Economic Development Canada]. |
| 504 | |aIncludes bibliographical references (pages 138-141 of volume 2). |
| 505 | 0 |av. 1. Report -- v. 2. Appendix -- [v. 3. PowerPoint presentation]. |
| 650 | 0|aPharmaceutical biotechnology industry|zCanada. |
| 650 | 0|aPharmaceutical industry|zCanada. |
| 650 | 6|aBiotechnologie pharmaceutique|xIndustrie|zCanada. |
| 650 | 6|aIndustrie pharmaceutique|zCanada. |
| 710 | 1 |aCanada. |bIndustry Canada, |eissuing body. |
| 856 | 40|qPDF|s3.81 MB|uhttps://publications.gc.ca/collections/collection_2023/isde-ised/iu4/Iu4-360-2000-1-eng.pdf|zv. 1. Report |
| 856 | 40|qPDF|s3.56 MB|uhttps://publications.gc.ca/collections/collection_2023/isde-ised/iu4/Iu4-360-2000-2-eng.pdf|zv. 2. Appendix |
| 856 | 40|qPDF|s4.04 MB|uhttps://publications.gc.ca/collections/collection_2023/isde-ised/iu4/Iu4-360-2000-3-eng.pdf|z[v. 3. PowerPoint presentation] |